Upkars CSIR UGC-NET JRF /SLET Life Sciences / (Record no. 134452)

MARC details
000 -LEADER
fixed length control field 00750nam a22002537a 4500
005 - DATE AND TIME OF LATEST TRANSACTION
control field 20170124110226.0
010 ## - LIBRARY OF CONGRESS CONTROL NUMBER
LC control number B-131111
020 ## - INTERNATIONAL STANDARD BOOK NUMBER
Terms of availability 320.00
035 ## - SYSTEM CONTROL NUMBER
System control number B-131111
037 ## - SOURCE OF ACQUISITION
Source of stock number/acquisition Cen Lib/Ret
040 ## - CATALOGING SOURCE
Original cataloging agency DPL
Language of cataloging EN
082 ## - DEWEY DECIMAL CLASSIFICATION NUMBER
Classification number 570
Item number SIN
100 ## - MAIN ENTRY--PERSONAL NAME
Personal name Singh, A.P.
9 (RLIN) 35335
245 ## - TITLE STATEMENT
Title Upkars CSIR UGC-NET JRF /SLET Life Sciences /
Statement of responsibility, etc by A.P. Singh [and] Kumar Pushkar
260 ## - PUBLICATION, DISTRIBUTION, ETC. (IMPRINT)
Place of publication, distribution, etc Agra
Name of publisher, distributor, etc Upkar Prakashan
270 ## - ADDRESS
Address 2/11A, Swadeshi Bima Nagar
City Agra
Postal code 282002
300 ## - PHYSICAL DESCRIPTION
Extent viii,675p.
Dimensions 23cm(Hb)
650 ## - SUBJECT ADDED ENTRY--TOPICAL TERM
Topical term or geographic name as entry element Life sciences
9 (RLIN) 40766
650 ## - SUBJECT ADDED ENTRY--TOPICAL TERM
Topical term or geographic name as entry element Life sciences-CSIR UGC-NET JRF /SLET -Test
9 (RLIN) 40767
700 ## - ADDED ENTRY--PERSONAL NAME
9 (RLIN) 10555
Personal name Pushkar, Kumar
700 ## - ADDED ENTRY--PERSONAL NAME
Personal name
9 (RLIN) 40753
700 ## - ADDED ENTRY--PERSONAL NAME
9 (RLIN) 40754
942 ## - ADDED ENTRY ELEMENTS (KOHA)
Source of classification or shelving scheme Dewey Decimal Classification
Koha item type English Books
Classification part 570
Call number suffix SIN
Holdings
Withdrawn status Lost status Damaged status Not for loan Collection code Home library Current library Date acquired Source of acquisition Cost, normal purchase price Total Checkouts Full call number Barcode Date last seen Copy number Cost, replacement price Price effective from Koha item type
      Not For Loan Reference Central Library Central Library 30/07/2015 Cen Lib/Ret 320.00   570 SIN B-131111 30/07/2015 Cen Lib/Ret 320.00 30/07/2015 English Books

© Delhi Public Library
Hit Counter
free hit counter